| 000 | 00950nam a22001937a 4500 | ||
|---|---|---|---|
| 003 | BR-ViAPE | ||
| 005 | 20260417155833.0 | ||
| 008 | 260417s1956 por gs||||s000 0 por d | ||
| 040 | _cBR-ViAPE | ||
| 110 |
_aEspírito Santo _bEstado |
||
| 245 | _aRelatório janeiro a julho de 1956 apresentado ao Exmo. Sr. Secretário do Interior e Justiça pelo Sr. Diretor Geral do Departamento de Imprensa Oficial do Estado em 10 de setembro de 1956 | ||
| 260 |
_aVitória _bDepartamento de Imprensa Oficial _c1956 |
||
| 300 |
_a34 p. _bDocumento digitalizado (PDF) |
||
| 500 | _aDocumento digitalizado do acervo institucional do Arquivo Público do Estado do Espírito Santo - APEES. | ||
| 650 |
_xAdministração pública _zEspírito Santo |
||
| 651 |
_aEspírito Santo _xRelatórios governamentais |
||
| 856 |
_uhttps://ape.es.gov.br/Media/ape/PDF/Relatorios/1952/relatorio4%20-%20ano%201956.pdf _yCLIQUE AQUI PARA ACESSAR O DOCUMENTO |
||
| 942 |
_2ddc _cMSGREL _n1 |
||
| 999 |
_c524 _d524 |
||